ا قبا ل : (Record no. 195684)

MARC details
000 -LEADER
fixed length control field 00620nam a22001937a 4500
005 - DATE AND TIME OF LATEST TRANSACTION
control field 20230417160515.0
010 ## - LCCN (DPL NO)
LC control number UR-11934
020 ## - INTERNATIONAL STANDARD BOOK NUMBER
International Standard Book Number 8186370455
Terms of availability 80.00
035 ## - SYSTEM CONTROL NUMBER
System control number U-10489
037 ## - SOURCE OF ACQUISITION
Source of stock number/acquisition DBAD/PUB
082 ## - DEWEY DECIMAL CLASSIFICATION NUMBER
Classification number 841
100 ## - MAIN ENTRY--PERSONAL NAME
Personal name راج موہن گاند ھی
245 ## - TITLE STATEMENT
Title ا قبا ل :
Remainder of title ایک مرد آفاقی /
Statement of responsibility, etc راج موہن گاند ھی
246 ## - VARYING FORM OF TITLE
Title proper/short title Iqbal /
Remainder of title by Raj Mohan Gandhi
260 ## - PUBLICATION, DISTRIBUTION, ETC. (IMPRINT)
Place of publication, distribution, etc حید رآباد
Name of publisher, distributor, etc اق بال اکیڑ می
Date of publication, distribution, etc 2009 ء
270 ## - ADDRESS
Address گلشن خلیل
City حید رآ باد
Postal code 500002
300 ## - PHYSICAL DESCRIPTION
Extent 63 ص
Dimensions 21cm(pbk)
942 ## - ADDED ENTRY ELEMENTS (KOHA)
Source of classification or shelving scheme Dewey Decimal Classification
Item type Urdu Bks
Classification part 841
Call number suffix ر ا ج
Holdings
Withdrawn status Lost status Not for loan Collection code Home library Current library Date acquired Source of acquisition Cost, normal purchase price Full call number Barcode Copy number Cost, replacement price Koha item type
      Non-fiction Sarojini Nagar Sarojini Nagar 17/04/2023 DBAD/PUB 80.00 841 ر ا ج U-10489 1 80.00 Urdu Bks

© Delhi Public Library
Hit Counter
free hit counter